| 000 | 00000nam 2200000za 4500 |
| 001 | 9.816982 |
| 003 | CaOODSP |
| 005 | 20221107142354 |
| 007 | cr ||||||||||| |
| 008 | 160505s2012 xxc |o f|0| 0 fre d |
| 040 | |aCaOODSP|bfre |
| 043 | |an-cn--- |
| 086 | 1 |aPE2-11/2012F-PDF |
| 110 | 1 |aCanada.|bTribunal de la protection des fonctionnaires divulgateurs Canada. |
| 245 | 10|aRapport sur la table ronde sur les modes alternatifs de résolution des conflits |h[ressource électronique]. |
| 260 | |a[Ottawa] : |bTribunal de la protection des fonctionnaires divulgateurs Canada, |c2012. |
| 300 | |a30 p. |
| 500 | |a21 juin 2012. |
| 500 | |aPubli. aussi en anglais sous le titre : Report on the round table discussion on alternate dispute resolution. |
| 504 | |aComprend des références bibliographiques. |
| 692 | 07|2gccst|aRésolution de conflit |
| 775 | 08|tReport on the round table discussion on alternate dispute resolution |w(CaOODSP)9.816977 |
| 856 | 40|qPDF|s252 Ko|uhttps://publications.gc.ca/collections/collection_2016/tpfdc-psdptc/PE2-11-2012-fra.pdf |